Préfectures de France : Saint-Brieuc - Statistiques

Statistiques générales
  • Ce quiz a été pris 58 fois
  • Le résultat moyen est 15 sur 25
Statistiques - réponses
Question Réponse % Correct
Quel numéro porte celui-ci ? 22
100%
De quel département est-ce la préfecture ? Côtes d'Armor
98%
La ville appartient à l'académie de Rennes
94%
A quelle région administrative appartient la ville depuis 2015 ? Bretagne
87%
Comment se nomment ses habitants ? Briochins | Briochines
87%
La ville est au bord de la Manche
87%
Les journaux locaux sont {Ouest}-France
85%
La couleur de fond de son blason est le/l' bleu
81%
Quelles sont les sous-préfectures qui en dépendent ? Guingamp
77%
Les communes limitrophes sont Plérin
77%
Les communes limitrophes sont Langueux
75%
Les communes limitrophes sont Trégueux
75%
Quelles sont les sous-préfectures qui en dépendent ? Lannion
72%
Les communes limitrophes sont Ploufragan
70%
Les journaux locaux sont Le {Télégramme}
64%
Quelles sont les sous-préfectures qui en dépendent ? Dinan
60%
La ville est traversée par le {Gouët}
55%
La ville appartient au diocèse de/d' Saint-Brieuc
53%
L'aéroport se nomme Saint-Brieuc-{Armor}
42%
La ville est traversée par le {Gouédic}
36%
La cathédrale est dédiée à St {Etienne}
34%
Ville européenne jumelée avec la ville (4 possible) Abertstwyth | Agia Paraskevi | Alsdorf | Gorazde
15%
La principale gare a été mise en service en 1863
11%
Ville non européenne ayant un accord de coopération avec la ville (2 possible) Gabès | Tannous
4%
Ville non européenne jumelée avec la ville (2 possible) Limbé | Beit Mery
2%
Aucun quiz correspondant
Distribution des résultats
% des personnes avec chaque résultat
Percentile par nombre de réponses
Votre historique - résultats
Vous n’avez pas pris ce quiz